| 000 | 00510nam a22001697a 4500 | ||
|---|---|---|---|
| 003 | BD-DhUL | ||
| 005 | 20210905145502.0 | ||
| 008 | 180114s1959 ii ||||| |||| 00| 0 urd d | ||
| 040 |
_aBD-DhUL _cBD-DhUL |
||
| 082 |
_a891.4391 _bAZT |
||
| 100 | 1 | _aازاد، جگن ناتھ | |
| 245 | 1 |
_aتلوک چند محروم / _cجگن ناتھ ازاد |
|
| 260 |
_aلکھنؤ : _bادارۂ فروغ اردو، _c۱۹۵۹۔ |
||
| 300 |
_aص۔ ۲۶۸ ؛ _c۲۰ سم۔ |
||
| 650 | 0 | _aUrdu literature | |
| 942 |
_2ddc _cBK |
||
| 999 |
_c237071 _d237071 |
||